IFM Opac

Seed systems in Sub-Saharan Africa (Record no. 10110)

MARC details
000 -LEADER
fixed length control field 00470nam a2200169Ia 4500
008 - FIXED-LENGTH DATA ELEMENTS--GENERAL INFORMATION
fixed length control field 150509s9999 xx 000 0 und d
020 ## - INTERNATIONAL STANDARD BOOK NUMBER
International Standard Book Number 0 8213 3086 1
082 ## - DEWEY DECIMAL CLASSIFICATION NUMBER
Classification number WBP 338.1 VEN
100 ## - MAIN ENTRY--PERSONAL NAME
Personal name Venkatesan, V.
245 ## - TITLE STATEMENT
Title Seed systems in Sub-Saharan Africa
260 ## - PUBLICATION, DISTRIBUTION, ETC.
Place of publication, distribution, etc. Washinghton:
260 ## - PUBLICATION, DISTRIBUTION, ETC.
Name of publisher, distributor, etc. The World Bank
260 ## - PUBLICATION, DISTRIBUTION, ETC.
Date of publication, distribution, etc. 1994
300 ## - PHYSICAL DESCRIPTION
Extent xi, 112p.;ill.:27cm.
500 ## - GENERAL NOTE
General note includes bibliographic references
650 ## - SUBJECT ADDED ENTRY--TOPICAL TERM
Topical term or geographic name entry element seed technology-Africa, Sub-Saharan
Holdings
Withdrawn status Lost status Source of classification or shelving scheme Damaged status Not for loan Home library Current library Shelving location Date acquired Total Checkouts Full call number Barcode Date last seen Price effective from Koha item type
    Dewey Decimal Classification     IFM Main Campus Library IFM Main Campus Library Archival Collection 05/15/1994   WBP 338.1 VEN 0000025597 05/15/2015 05/15/1994 Books
    Dewey Decimal Classification     IFM Main Campus Library IFM Main Campus Library Archival Collection 05/15/2015   WBP 338.1 VEN 0000025598 05/15/2015 05/15/2015 Books